000 00276nam a2200097Ia 4500
008 191206s9999 xx 000 0 und d
245 0 _aAlexander the great
260 _cc[no date recorded on
300 _a1 print : stipple engraving.
999 _c15436
_d15436